1991 1558 1813 1043 1806 1213 1304 1508 1817 1843 1035 1420 1109 1447 1199 1740 1877 1078 1926 1547 1259 1844 1993 1952 1172 1369 1151 1101 1357 1547 1894 1745 1585 1459 1946 1241 1767 1768 1438 1569 1512 1817 1728 1925 1466 1640 1760 1129 1208 1855 1595 1359 1182 1120 1845 1229 1627 1021 1965 1439 1418 1791 1463 1522 1509 1826 1474 1464 1311 1276 1273 1513 1552 1255 1481 1948 1773 1077 1658 1908 1977 1269 1918 1106 1317 1384 1888 1491 1432 1957 1440 1812 1642 1448 1488 1467 1088 1915 1470 BCNSPRNW ULIB Ver.6.0+V

เปลี่ยนเป็นภาษาไทย

Change to English
 แสดงรายละเอียดบรรณานุกรม
  กลับหน้าหลัก

Brief Record : Get Marc (ISO 2709) : E-mail record : QR code < ปิดหน้าต่าง
LEADER : 00000nam 2200000uu 4500
001    13399114631
003     ULIB
008    120424s2536||||th 000 0 tha d
020    ^a9475876402 (ล.1-2)
060 04 ^aQU4^bค422ช ล.1-2 2536
245 00 ^aชีวเคมี คณะแพทยศาสตร์ศิริราชพยาบาล /^cบรรณาธิการ, ดารณี ชุมนุมศิริวัฒน์
250    ^aพิมพ์ครั้งที่ 4
260    ^aกรุงเทพฯ :^bคณะแพทยศาสตร์ศิริราชพยาบาล มหาวิทยาลัยมหิดล,^c2536
300    ^a2 เล่ม :^bภาพประกอบ ;^c26 ซม.
500    ^aSend to Single Search
650  4 ^aชีวเคมี
653    ^aผลงานอาจารย์คณะแพทยศาสตร์ศิริราชพยาบาล
700 0  ^aดารณี ชุมนุมศิริวัฒน์,^eบรรณาธิการ
710 2  ^aมหาวิทยาลัยมหิดล. ^bคณะแพทยศาสตร์ศิริราชพยาบาล
945    ^p0^l0^i7672
995    ^aกัณชพร
999 ^a ใช้งานได้ทุกระบบ
รายการนี้ยังไม่มีแท็ก
คุณยังไม่ได้ล็อกอิน คุณสามารถมีกิจกรรมร่วมกับเว็บไซต์ได้ แต่ต้องล็อกอินก่อน ::
  ล็อกอิน

รายการสื่อสารสนเทศ

ลำดับที่ ประเภท เลขเรียก/บาร์โค้ด สถานที่ สถานะ
- ไม่พบข้อมูล -

รายการใกล้เคียง
    หัวเรื่อง [ชีวเคมี]

BibComment


ยังไม่เคยถูกคอมเมนท์

คอมเมนท์ทรัพยากรรายการนี้
  คอมเมนท์: ชีวเคมี คณะแพทย..


 Copyright 2026. Bcnsprnw @Library